[Event "FRA-chT U20 1112"]
[Site "France"]
[Date "2011.12.03"]
[Round "1.5"]
[White "Raynaud, Jean Philippe"]
[Black "Jrade, Sidney"]
[Result "1-0"]
[WhiteElo "1590"]
[BlackElo "1360"]
[PlyCount "113"]
[EventDate "2011.12.03"]
[EventType "team-swiss"]
[EventRounds "7"]
[EventCountry "FRA"]
[SourceTitle "EXT 2013"]
[Source "ChessBase"]
[SourceDate "2012.11.22"]
[SourceVersion "1"]
[SourceVersionDate "2012.11.22"]
[SourceQuality "1"]

1. d4 d5 2. c4 Nf6 3. Nc3 e6 4. Bf4 Nc6 5. e3 Bd6 6. Bxd6 cxd6 7. cxd5 Nxd5 8. Nxd5 exd5 9. Ne2 Bg4 10. Qb3 Bxe2 11. Bxe2 Qa5+ 12. Qc3 0-0 13. 0-0 Qxc3 14. bxc3 Rab8 15. Rab1 Rfc8 16. Rb3 Na5 17. Ra3 Nc4 18. Rxa7 b5 19. Rb1 g6 20. g3 Rc6 21. a4 Rcb6 22. a5 R6b7 23. Rxb7 Rxb7 24. a6 Ra7 25. Rxb5 Rxa6 26. Rxd5 Rc6 27. Bxc4 Rxc4 28. Rxd6 Rxc3 29. Rd8+ Kg7 30. d5 Kf6 31. d6 Rd3 32. e4 Ke6 33. f4 Rxd6 34. Rxd6+ Kxd6 35. Kf2 Ke6 36. Kf3 f5 37. e5 h6 38. g4 g5 39. h3 fxg4+ 40. hxg4 Kd5 41. Ke3 gxf4+ 42. Kxf4 Ke6 43. Ke4 Ke7 44. Kf5 Kf7 45. e6+ Ke7 46. Kg6 Kxe6 47. Kxh6 Kf7 48. g5 Kg8 49. Kg6 Kh8 50. Kf7 Kh7 51. g6+ Kh8 52. Kf6 Kg8 53. g7 Kh7 54. Kf7 Kh6 55. g8Q Kh5 56. Qg3 Kh6 57. Qg6# 1-0